01021cam a2200265 i 45000010008000000030009000080050017000170080041000340400038000750820021001131000040001342450154001742640041003282640010003693000040003793360026004193370028004453380027004736500033005006550017005337000047005509420012005979990017006099520129006261707463EG-ScBUE20250730090745.0690724t1969 caua f 001 0 eng d aDLCbengerdacDLCdDLCdEG-ScBUE04a541.369222bPIM1 aPimentel, George C.,eauthor.9634710aUnderstanding chemical thermodynamics /cGeorge C. Pimentel, University of California, Berkeley, Richard D. Spratley, University of British Columbia. 1aSan Francisco :bHolden-Day,c[1969] 4cc1969 a219 pages :billustrations ;c23 cm 2rdacontentatextbtxt aunmediated2rdamediabn avolumebnc2rdacarrier 7aThermodynamics.2BUEsh96348 vReading book1 aSpratley, Richard D.,ejoint author.96349 2ddccBB c11878d11878 00102ddc40708Alef-BaaaMAINbMAINc1STd2009-06-17ePurchaseg150.00l0o541.369 PIMp000016811r2025-07-15 00:00:00yBB